Encyklopedie nejvýznamnějších psychologů

Gespeichert in:
Bibliographische Detailangaben
1. Verfasser: Sheehy, Noel
Weitere Verfasser: Ogrocký, Jiří
Format: Buch
Sprache:Tschechisch
Veröffentlicht: Brno Barrister & Principal 2005
Schriftenreihe:Encyklopedie
Schlagworte:
Tags: Tag hinzufügen
Keine Tags, Fügen Sie das erste Tag hinzu!

MARC

LEADER 00000nam$a2200000$$$4500
001 0049251
005 20240313134413.8
020 |a 80-86598-82-9 
041 0 |a cze 
044 |a CZ 
245 1 0 |a Encyklopedie nejvýznamnějších psychologů  |c Noel Sheehy ; prekl. Jiří Ogrocký 
264 1 |a Brno  |b Barrister & Principal  |c 2005 
300 |a 238 s. 
490 1 |a Encyklopedie 
830 0 |a Encyklopedie 
610 2 0 |a psychológovia 
610 2 0 |a história 
610 2 0 |a psychológia 
100 1 |a Sheehy, Noel 
700 1 |a Ogrocký, Jiří